000 00909nam a2200277 c 4500
003 BLK
005 20180421000412.0
008 180411b bul|||||r ||||||| ||bul||
010 _aKNG00195520000
040 _aBLK
041 _aBUL
_cBUL
080 _aБългарска литература
_b821.163.2
_x-31
_z821.163.2-31
100 1 _aНиколов, Кольо Стоянов
_eпърви автор
_9327454
139 _aНиколов, Кольо Стоянов
_bН 74
245 1 0 _aКейбъл рум
_bРоман
_cКольо Стоянов Николов.
257 _aBGR
260 Пловдив
_bХристо Г. Данов
_c1986
300 _a552 с.
_c21 см
380 _aX
500 _a30 137 тир.
852 _aЦб 140846
856 4 _qpdf
_u
856 4 _qpdf
_u
942 _cKNG
_n0
944 _aCR
_c09.11.2016
_kГрета_Цуфелде
944 _aED
_c09.11.2016
_kГрета_Цуфелде
999 _c186525
_d186525